000 00982nam a2200241 a 4500
001 38987
003 BD-RjUL
005 20211209052908.0
008 160324b bg |||| |||| 00| 0 ben d
020 _a9844614211
_c: TK. 250.00
035 _a(BD-RjUL) 39097
040 _aBD-RjUL
_bben
_cBD-RjUL
041 _aben
082 _223
_a891.4409
_bHAS 2010
100 _aহারুন-অর-রশীদ, মোঃ
_9120357
245 _aসাহিত্যে চিত্র-বৈচিত্র্য /
_cমো.হারুন-অর-রশীদ
260 _aঢাকা :
_bগতিধারা,
_c২০১০
300 _a২২৩ পৃ. ;
_c২২সেমি.
500 _aতথ্যনির্দেশ ও তথ্যসূত্র সংযুক্ত
650 _aবাংলা সাহিত্য
_xইতিহাস ও সমালোচনা
_9120358
650 _aBengali literature
_xHistory and Criticism
_9120359
942 _2ddc
_cBK
_01
999 _c38987
_d38987